=LDR 00000nam 2200000 4500 =001 INLIS000000000023695 =005 20130612122332 =008 ***********************************6aInd** =035 ##$$0010-061300000023695 =041 ##$$a 6aInd =082 ##$$a F.rom k =090 ##$$a F.Rom k, Sca r =100 ##$$a Scarry, Richard =245 ##$$a Rumah yang paling indah, Richard Scarry =260 ##$$a 1991 $b jakarta =300 ##$$a 9 hlm, ilus, 23 cm =650 ##$$a Bacaan anak =850 ##$$a NBPNMAT